01172 a2200205 45000010006000000050017000060080041000230030015000640400040000790800118001192450079002372640051003163000026003675050413003930410008008061000016008147000018008307000020008488560098008684554520260407155728.0260407a1958 arg spa dAR-UNSa-BCEJYS aAR-UNSa-BCEJYSbspacAR-UNSa-BCEJYS a330.82xTeorías económicas clásicas y posclásica. Liberalismo. Escuelas ética, romántica, histórica10aInvestigación sobre la naturaleza y causas de la riqueza de las naciones 1aMéxico :bFondo de Cultura Económicac1958 alxxvi, 917 p.c24 cm. a1. De las causas del progreso en las facultades productivas del trabajo y del modo como un producto se distribuye naturalmente entre las diferentes clases del pueblo – 2. Sobre la naturaleza, acumulación y empleo del capital – 3. De los diferentes progresos de la opulencia en distintas naciones – 4. De los sistemas de economía política – 5. De los ingresos del Soberano o de la República.  aspa1 aSmith, Adam1 aCannan, Edwin1 aFranco, Gabriel41uhttps://www.biblioeco.unsa.edu.ar/pmb/images/libros/L22378.jpgyImagen de portadaqimage/jpeg